[Event "Titled Tuesday intern op 28th Dec"]
[Site "Chess.com INT"]
[Date "2021.12.28"]
[Round "6"]
[White "Aldokhin, Ivan"]
[Black "Nasyrova, Ekaterina"]
[Result "0-1"]
[WhiteElo "2413"]
[BlackElo "2109"]
[PlyCount "70"]
[EventDate "2021.12.28"]
[EventType "swiss (blitz)"]
[EventRounds "11"]
[EventCountry "USA"]
[SourceTitle "CBM 206 Extra"]
[Source "ChessBase"]
[SourceDate "2022.03.31"]
[SourceVersion "1"]
[SourceVersionDate "2022.03.31"]
[SourceQuality "1"]

1. d4 d5 2. c4 e6 3. Nc3 Nf6 4. cxd5 exd5 5. Bg5 Be7 6. e3 c6 7. Bd3 O-O 8. Qc2 Re8 9. Bxf6 Bxf6 10. Bxh7+ Kh8 11. Bd3 Bxd4 12. Nge2 Bf6 13. O-O Nd7 14. Ng3 Ne5 15. Bf5 g6 16. Bxc8 Rxc8 17. Rad1 Qb6 18. b3 Ng4 19. h3 Nxe3 20. Qd2 Nxf1 21. Rxf1 Qd4 22. Qh6+ Kg8 23. Nce2 Qe5 24. f4 Qe3+ 25. Kh2 d4 26. Rf3 Qe7 27. Nh5 Bh8 28. f5 Qd6+ 29. Neg3 Rcd8 30. Rf4 gxf5 31. Nxf5 Qxh6 32. Nxh6+ Kh7 33. Nxf7 Rd7 34. Ng5+ Kg6 35. h4 Be5 0-1

[Event "Titled Tuesday intern op 28th Dec"]
[Site "Chess.com INT"]
[Date "2021.12.28"]
[Round "6"]
[White "Avazkhonov, Alikhon"]
[Black "Ronka, Erik"]
[Result "0-1"]
[WhiteElo "1538"]
[BlackElo "2345"]
[PlyCount "94"]
[EventDate "2021.12.28"]
[EventType "swiss (blitz)"]
[EventRounds "11"]
[EventCountry "USA"]
[SourceTitle "CBM 206 Extra"]
[Source "ChessBase"]
[SourceDate "2022.03.31"]
[SourceVersion "1"]
[SourceVersionDate "2022.03.31"]
[SourceQuality "1"]

1. c4 Nf6 2. Nc3 g6 3. g3 Bg7 4. Bg2 O-O 5. e4 d6 6. Nge2 c5 7. d3 Nc6 8. O-O Ne8 9. f4 Nc7 10. f5 Ne5 11. h3 a6 12. g4 b5 13. cxb5 axb5 14. d4 cxd4 15. Nxd4 b4 16. Nd5 Nxd5 17. exd5 Qb6 18. Kh2 Ba6 19. Re1 Nd3 20. Nc6 Nxe1 21. Qxe1 Rfe8 22. Bg5 Bf6 23. h4 Bb7 24. Bxf6 exf6 25. Qxb4 Qxb4 26. Nxb4 Re2 27. b3 Kg7 28. Kg3 Rc8 29. Bf3 Rc3 30. Rf1 Ree3 31. Kf4 h6 32. Nc6 g5+ 33. hxg5 hxg5+ 34. Kg3 Bxc6 35. dxc6 Rxc6 36. Kf2 Rcc3 37. Bg2 Red3 38. Kg1 Rd2 39. Rf2 Rxf2 40. Kxf2 Rc2+ 41. Kg3 Rxa2 42. Bd5 Rb2 43. Kf3 Kf8 44. Ke3 Ke7 45. Kd3 Rh2 46. Kc3 Rh4 47. Bf3 Rh3 0-1

[Event "Titled Tuesday intern op 28th Dec"]
[Site "Chess.com INT"]
[Date "2021.12.28"]
[Round "6"]
[White "Bashirli, Saadat"]
[Black "Necula, Iulian"]
[Result "0-1"]
[WhiteElo "1395"]
[BlackElo "1890"]
[PlyCount "68"]
[EventDate "2021.12.28"]
[EventType "swiss (blitz)"]
[EventRounds "11"]
[EventCountry "USA"]
[SourceTitle "CBM 206 Extra"]
[Source "ChessBase"]
[SourceDate "2022.03.31"]
[SourceVersion "1"]
[SourceVersionDate "2022.03.31"]
[SourceQuality "1"]

1. d4 d6 2. e4 Nf6 3. Nc3 Nbd7 4. Be2 e5 5. d5 Be7 6. Be3 c6 7. dxc6 bxc6 8. Qd2 Qc7 9. f4 Rb8 10. b3 exf4 11. Bxf4 Ne5 12. Nf3 O-O 13. O-O Ng6 14. Bg3 Nh5 15. Bf2 Be6 16. Nd4 Nf6 17. Be3 d5 18. Bf4 Nxf4 19. Rxf4 Bd6 20. Rh4 Bc5 21. Kh1 Nxe4 22. Nxe4 dxe4 23. Nxe6 fxe6 24. Bc4 Qe7 25. Rxe4 Rf6 26. Rae1 Re8 27. Qe2 Rf2 28. Qg4 Qf6 29. h3 Kh8 30. Rxe6 Rxe6 31. Rxe6 Rf1+ 32. Bxf1 Qxf1+ 33. Kh2 Bg1+ 34. Kg3 Qf2# 0-1

[Event "Titled Tuesday intern op 28th Dec"]
[Site "Chess.com INT"]
[Date "2021.12.28"]
[Round "6"]
[White "Bayramov, Zaur"]
[Black "Safarli, Eltaj"]
[Result "0-1"]
[WhiteElo "2357"]
[BlackElo "2579"]
[PlyCount "102"]
[EventDate "2021.12.28"]
[EventType "swiss (blitz)"]
[EventRounds "11"]
[EventCountry "USA"]
[SourceTitle "CBM 206 Extra"]
[Source "ChessBase"]
[SourceDate "2022.03.31"]
[SourceVersion "1"]
[SourceVersionDate "2022.03.31"]
[SourceQuality "1"]

1. c4 Nf6 2. Nc3 c5 3. g3 e6 4. Bg2 Nc6 5. d3 d5 6. cxd5 exd5 7. Nf3 Be7 8. O-O O-O 9. d4 Ne4 10. e3 Bg4 11. dxc5 Nxc3 12. bxc3 Bxc5 13. Qb3 Bb6 14. Rd1 Qf6 15. Nd4 Bxd1 16. Qxd1 Rad8 17. Ba3 Rfe8 18. Rb1 Ne5 19. Rb5 Nc4 20. Bc5 Bxc5 21. Rxc5 Nb6 22. Qb3 h5 23. a4 h4 24. a5 Nd7 25. Rxd5 Ne5 26. Rxd8 Rxd8 27. Qxb7 Nd3 28. Qf3 hxg3 29. hxg3 Qxf3 30. Bxf3 Rc8 31. Nb5 Rc5 32. Nxa7 Rxa5 33. Nc6 Ra1+ 34. Kh2 Ra2 35. Kh3 Rxf2 36. Be4 Nc5 37. Bd5 Kf8 38. Nd4 g6 39. g4 Kg7 40. Kg3 Rb2 41. c4 Rb1 42. Nf3 Rb3 43. Kf2 Kf6 44. g5+ Ke7 45. Ne5 Ne6 46. c5 Rb2+ 47. Kg3 Nxg5 48. Nc6+ Kf6 49. Nd4 Ke5 50. Bg2 Ne4+ 51. Kh3 Nxc5 0-1

[Event "Titled Tuesday intern op 28th Dec"]
[Site "Chess.com INT"]
[Date "2021.12.28"]
[Round "6"]
[White "Bazarov, Konstantin"]
[Black "Dilmukhametov, Artur"]
[Result "0-1"]
[WhiteElo "2226"]
[BlackElo "2293"]
[PlyCount "102"]
[EventDate "2021.12.28"]
[EventType "swiss (blitz)"]
[EventRounds "11"]
[EventCountry "USA"]
[SourceTitle "CBM 206 Extra"]
[Source "ChessBase"]
[SourceDate "2022.03.31"]
[SourceVersion "1"]
[SourceVersionDate "2022.03.31"]
[SourceQuality "1"]

1. d4 e5 2. c4 exd4 3. Nf3 c5 4. e3 dxe3 5. Bxe3 Nf6 6. Nc3 b6 7. Be2 Bb7 8. O-O Be7 9. Bf4 O-O 10. Qd3 d5 11. Nb5 Na6 12. Rfd1 d4 13. a3 Nh5 14. Be5 Bf6 15. Qf5 g6 16. Bxf6 Nxf6 17. Qf4 Nh5 18. Qh6 Qf6 19. Ng5 Qg7 20. Qxg7+ Nxg7 21. Nd6 Bc6 22. Rab1 Rad8 23. Nb5 Bxb5 24. cxb5 Nc7 25. b4 Nce6 26. Ne4 f5 27. Nd2 d3 28. Bf1 Nf4 29. Nf3 c4 30. Rbc1 Ne2+ 31. Bxe2 dxe2 32. Re1 Rfe8 33. Rxc4 Rd1 34. Rc1 Red8 35. Rc2 Ne6 36. Rcxe2 Nf4 37. Re8+ Rxe8 38. Rxd1 Ne2+ 39. Kf1 Nc3 40. Rd7 Nxb5 41. a4 Nc3 42. Rxa7 Re4 43. Rc7 Nxa4 44. Rc8+ Kg7 45. b5 Nc5 46. Rc7+ Kh6 47. h4 Rb4 48. Ng5 Rxh4 49. Nxh7 Ne6 50. Re7 Nf4 51. g3 Rh1# 0-1

[Event "Titled Tuesday intern op 28th Dec"]
[Site "Chess.com INT"]
[Date "2021.12.28"]
[Round "6"]
[White "Bilan, Danila"]
[Black "Prithu, Gupta"]
[Result "1-0"]
[WhiteElo "2303"]
[BlackElo "2444"]
[PlyCount "150"]
[EventDate "2021.12.28"]
[EventType "swiss (blitz)"]
[EventRounds "11"]
[EventCountry "USA"]
[SourceTitle "CBM 206 Extra"]
[Source "ChessBase"]
[SourceDate "2022.03.31"]
[SourceVersion "1"]
[SourceVersionDate "2022.03.31"]
[SourceQuality "1"]

1. d4 d5 2. Nf3 Nf6 3. c4 c6 4. Nc3 g6 5. cxd5 cxd5 6. Bf4 a6 7. e3 Bg7 8. h3 O-O 9. Bd3 Nc6 10. O-O Bf5 11. Bxf5 gxf5 12. Ne5 e6 13. Nxc6 bxc6 14. b4 Kh8 15. Na4 Rg8 16. Nc5 Ra7 17. Qe2 Qc8 18. Rfc1 Bf8 19. Be5 Rg6 20. a4 Kg8 21. Bxf6 Rxf6 22. b5 axb5 23. axb5 Rxa1 24. Rxa1 cxb5 25. Qxb5 f4 26. Qd7 Qb8 27. Qb7 Qxb7 28. Nxb7 fxe3 29. fxe3 Bh6 30. Ra3 Bf8 31. Ra8 Kg7 32. Ra7 e5 33. dxe5 Re6 34. Nd8 Rxe5 35. Rxf7+ Kg8 36. Rf3 Bc5 37. Kf2 d4 38. exd4 Bxd4+ 39. Kg3 Rg5+ 40. Kf4 Rd5 41. Ne6 Rd6 42. Nxd4 Rxd4+ 43. Kg3 Rd6 44. h4 Re6 45. Rf5 Re7 46. Kg4 Re2 47. g3 Re4+ 48. Kg5 Re6 49. Ra5 Rg6+ 50. Kf4 Rf6+ 51. Kg4 Rd6 52. h5 Kf7 53. Kg5 Re6 54. Ra7+ Kg8 55. g4 h6+ 56. Kf5 Rc6 57. Re7 Kf8 58. Re6 Rc5+ 59. Kf6 Rc2 60. Kg6 Rg2 61. Re4 Rf2 62. Kxh6 Rf6+ 63. Kh7 Rf7+ 64. Kg6 Rg7+ 65. Kf6 Rf7+ 66. Kg5 Rg7+ 67. Kh4 Rd7 68. g5 Rd3 69. g6 Kg7 70. Re7+ Kf6 71. Rf7+ Ke6 72. Rf4 Rd5 73. g7 Rd8 74. Rf8 Rd4+ 75. Kg5 Rd5+ 1-0

[Event "Titled Tuesday intern op 28th Dec"]
[Site "Chess.com INT"]
[Date "2021.12.28"]
[Round "6"]
[White "Bodnar, Nikolay"]
[Black "Sevgi, Volkan"]
[Result "1-0"]
[WhiteElo "2438"]
[BlackElo "2344"]
[PlyCount "191"]
[EventDate "2021.12.28"]
[EventType "swiss (blitz)"]
[EventRounds "11"]
[EventCountry "USA"]
[SourceTitle "CBM 206 Extra"]
[Source "ChessBase"]
[SourceDate "2022.03.31"]
[SourceVersion "1"]
[SourceVersionDate "2022.03.31"]
[SourceQuality "1"]

1. e4 c6 2. d4 d5 3. e5 Bf5 4. Nf3 e6 5. Be2 Bb4+ 6. c3 Ba5 7. O-O Bc7 8. Nbd2 Nd7 9. Re1 Ne7 10. Nh4 Bg6 11. a4 Nf5 12. Nxg6 fxg6 13. b4 O-O 14. Nf3 Qe8 15. Bd3 Bd8 16. a5 Rc8 17. c4 h6 18. b5 g5 19. a6 bxa6 20. Rxa6 g4 21. Rxc6 Ba5 22. Bxf5 Rxf5 23. Bd2 gxf3 24. Bxa5 dxc4 25. d5 Nxe5 26. Rxe6 Qxb5 27. Bc3 Nd3 28. Re7 Rg5 29. Qxf3 Rf8 30. Qe3 Nxe1 31. Qe6+ Kh7 32. Qe4+ Kh8 33. Qxe1 Qxd5 34. g3 Qf5 35. h4 Rg6 36. Qe3 Kh7 37. Re5 Qf7 38. Re7 Qf5 39. Qxa7 Qb1+ 40. Kh2 Rg8 41. Qe3 Qd3 42. Qxd3 cxd3 43. Rd7 Rc6 44. Rxd3 Rgc8 45. Be5 Rc2 46. Kg2 Re8 47. Bf4 Ree2 48. Be3 Rc7 49. Kf3 Rec2 50. Rd6 Rf7+ 51. Kg2 Rc4 52. Re6 Rc3 53. Re4 Rc6 54. g4 Rcf6 55. f4 Ra6 56. Kf3 Rb7 57. f5 Ra3 58. Re6 Rb4 59. g5 hxg5 60. hxg5 Ra8 61. g6+ Kg8 62. Bf4 Rf8 63. Kg4 Rb5 64. Be5 Rb7 65. Kg5 Ra8 66. Rd6 Re7 67. Bd4 Ree8 68. Rd7 Re4 69. Rxg7+ Kf8 70. Rf7+ Ke8 71. Rh7 Ra2 72. Rh8+ Ke7 73. Bf6+ Kd7 74. Rh4 Rg2+ 75. Kh6 Re8 76. Kh7 Rf2 77. g7 Rxf5 78. Rh6 Ke6 79. Bb2+ Kf7 80. Rg6 Rh5+ 81. Rh6 Rf5 82. Rh3 Re2 83. g8=Q+ Ke7 84. Ba3+ Kd7 85. Rd3+ Kc6 86. Qc8+ Kb5 87. Qxf5+ Ka4 88. Qg4+ Ka5 89. Qxe2 Kb6 90. Qe6+ Ka5 91. Qe5+ Ka4 92. Qd4+ Ka5 93. Qc5+ Ka6 94. Rd6+ Kb7 95. Qb6+ Kc8 96. Rd8# 1-0

[Event "Titled Tuesday intern op 28th Dec"]
[Site "Chess.com INT"]
[Date "2021.12.28"]
[Round "6"]
[White "Broca Jimenez, Fernando"]
[Black "Sokolin, Leonid M"]
[Result "0-1"]
[WhiteElo "2075"]
[BlackElo "2482"]
[PlyCount "72"]
[EventDate "2021.12.28"]
[EventType "swiss (blitz)"]
[EventRounds "11"]
[EventCountry "USA"]
[SourceTitle "CBM 206 Extra"]
[Source "ChessBase"]
[SourceDate "2022.03.31"]
[SourceVersion "1"]
[SourceVersionDate "2022.03.31"]
[SourceQuality "1"]

1. e4 c5 2. Nf3 Nc6 3. d4 cxd4 4. Nxd4 e5 5. Nb5 d6 6. N1c3 a6 7. Na3 Be6 8. Nd5 Bxd5 9. exd5 Nce7 10. c4 Nf6 11. Bg5 Qb6 12. Qb3 Qxb3 13. axb3 Ne4 14. Be3 Nf5 15. Bd3 Nxe3 16. Bxe4 Ng4 17. O-O g6 18. Nb5 Kd7 19. Nc3 f5 20. Bc2 e4 21. f3 exf3 22. Rxf3 Bg7 23. Na4 Bd4+ 24. Kh1 Rae8 25. h3 Nf2+ 26. Kh2 Re2 27. Rc1 Rhe8 28. Nc3 Rd2 29. Nb1 Rde2 30. Nc3 Re1 31. Rxe1 Rxe1 32. Kg3 Nh1+ 33. Kh2 Be5+ 34. g3 Nxg3 35. Rxg3 Re3 36. Ne2 Rxe2+ 0-1

[Event "Titled Tuesday intern op 28th Dec"]
[Site "Chess.com INT"]
[Date "2021.12.28"]
[Round "6"]
[White "Cunha, Lucas Aguiar"]
[Black "Derraugh, Geordie"]
[Result "1-0"]
[WhiteElo "2328"]
[BlackElo "2209"]
[PlyCount "91"]
[EventDate "2021.12.28"]
[EventType "swiss (blitz)"]
[EventRounds "11"]
[EventCountry "USA"]
[SourceTitle "CBM 206 Extra"]
[Source "ChessBase"]
[SourceDate "2022.03.31"]
[SourceVersion "1"]
[SourceVersionDate "2022.03.31"]
[SourceQuality "1"]

1. e4 c5 2. Nf3 d6 3. d4 cxd4 4. Qxd4 Nc6 5. Bb5 Bd7 6. Bxc6 Bxc6 7. Bg5 h6 8. Bh4 Qc7 9. Nc3 e6 10. O-O-O a6 11. Rhe1 e5 12. Qd3 g5 13. Bg3 Nf6 14. h4 g4 15. Nd2 b5 16. a3 Be7 17. Nf1 Qb7 18. Kb1 b4 19. axb4 Qxb4 20. f3 Rb8 21. b3 a5 22. Ne3 a4 23. Na2 Qa3 24. b4 Qxd3 25. Rxd3 gxf3 26. gxf3 Rg8 27. Bf2 Nh5 28. c4 Nf4 29. Rd2 Nh3 30. Nf5 Rg2 31. Ree2 Nxf2 32. Rxf2 Rxf2 33. Rxf2 d5 34. Nxe7 Kxe7 35. exd5 Bd7 36. Kb2 Kd6 37. Ka3 f5 38. Nc3 Rg8 39. c5+ Kc7 40. b5 Rb8 41. Kb4 a3 42. c6 Be8 43. Kc5 e4 44. d6+ Kc8 45. fxe4 fxe4 46. Rf8 1-0

[Event "Titled Tuesday intern op 28th Dec"]
[Site "Chess.com INT"]
[Date "2021.12.28"]
[Round "6"]
[White "Dauner, Benedikt"]
[Black "Liu, Leonardo"]
[Result "0-1"]
[WhiteElo "2331"]
[BlackElo "1767"]
[PlyCount "112"]
[EventDate "2021.12.28"]
[EventType "swiss (blitz)"]
[EventRounds "11"]
[EventCountry "USA"]
[SourceTitle "CBM 206 Extra"]
[Source "ChessBase"]
[SourceDate "2022.03.31"]
[SourceVersion "1"]
[SourceVersionDate "2022.03.31"]
[SourceQuality "1"]

1. d4 Nf6 2. Nf3 g6 3. Nc3 Bg7 4. e4 d6 5. Be2 O-O 6. O-O Nbd7 7. Re1 c5 8. e5 dxe5 9. dxe5 Ng4 10. e6 fxe6 11. h3 Nge5 12. Ng5 Nb6 13. Qxd8 Rxd8 14. f4 Nf7 15. Nxf7 Kxf7 16. Ne4 Bd7 17. Ng5+ Kg8 18. Bg4 e5 19. Be6+ Bxe6 20. Nxe6 Rd5 21. Nc7 Rad8 22. Nxd5 Rxd5 23. fxe5 Bxe5 24. c3 Nc4 25. b3 Nd6 26. Bb2 Bf6 27. Rad1 Rf5 28. Re2 Nb5 29. Rd3 Kf7 30. a4 Nd6 31. c4 Bxb2 32. Rxb2 Re5 33. Rf2+ Kg7 34. Rd5 Re1+ 35. Rf1 Re3 36. Rxc5 Rxb3 37. Re5 Nxc4 38. Rxe7+ Kh6 39. Rff7 Rb1+ 40. Kh2 Nd6 41. Rxh7+ Kg5 42. Re5+ Kf6 43. Rhe7 Nf5 44. R7e6+ Kf7 45. Re1 Rb4 46. R6e4 Rb2 47. R1e2 Rb1 48. g4 Nd6 49. Rf4+ Kg7 50. Kg3 Rb3+ 51. Kh4 Nf7 52. Re3 Rxe3 53. g5 Re5 54. Rg4 Ra5 55. Rb4 b6 56. Rb5 Rxa4+ 0-1

[Event "Titled Tuesday intern op 28th Dec"]
[Site "Chess.com INT"]
[Date "2021.12.28"]
[Round "6"]
[White "Devaev, Alexander"]
[Black "Mayaud, Raphael"]
[Result "1-0"]
[WhiteElo "2325"]
[BlackElo "2216"]
[PlyCount "83"]
[EventDate "2021.12.28"]
[EventType "swiss (blitz)"]
[EventRounds "11"]
[EventCountry "USA"]
[SourceTitle "CBM 206 Extra"]
[Source "ChessBase"]
[SourceDate "2022.03.31"]
[SourceVersion "1"]
[SourceVersionDate "2022.03.31"]
[SourceQuality "1"]

1. d4 d5 2. c4 c6 3. cxd5 cxd5 4. Nc3 Nc6 5. Bf4 Nf6 6. e3 Bf5 7. Bb5 e6 8. Nf3 Bd6 9. O-O Bxf4 10. Bxc6+ bxc6 11. exf4 O-O 12. Ne5 c5 13. dxc5 d4 14. Ne2 d3 15. Ng3 Bg6 16. Qd2 Qd4 17. Rac1 Rac8 18. Rc4 Qd5 19. Rfc1 Rfd8 20. b4 Nd7 21. Nxd7 Rxd7 22. Nf1 a5 23. Ne3 Qc6 24. a3 axb4 25. axb4 Rb8 26. f3 Rb5 27. Kf2 h6 28. g4 Rdb7 29. Kg3 f6 30. Rd4 Rd7 31. Qc3 Rxd4 32. Qxd4 Kh7 33. f5 exf5 34. gxf5 Bf7 35. Rd1 Qb7 36. Rb1 Qc6 37. Rb2 Rb7 38. Qxd3 Rd7 39. Qe4 Qc7+ 40. Qf4 Qd8 41. c6 Rd4 42. c7 1-0

[Event "Titled Tuesday intern op 28th Dec"]
[Site "Chess.com INT"]
[Date "2021.12.28"]
[Round "6"]
[White "Djordjevic, Vuk D"]
[Black "Mitusov, Semen"]
[Result "0-1"]
[WhiteElo "2382"]
[BlackElo "2304"]
[PlyCount "64"]
[EventDate "2021.12.28"]
[EventType "swiss (blitz)"]
[EventRounds "11"]
[EventCountry "USA"]
[SourceTitle "CBM 206 Extra"]
[Source "ChessBase"]
[SourceDate "2022.03.31"]
[SourceVersion "1"]
[SourceVersionDate "2022.03.31"]
[SourceQuality "1"]

1. d4 d5 2. Nf3 Bf5 3. c4 e6 4. Nc3 Nf6 5. Qb3 Nc6 6. cxd5 exd5 7. Bg5 a6 8. e3 Be6 9. Ne5 Be7 10. Nxc6 bxc6 11. Bd3 O-O 12. O-O c5 13. dxc5 d4 14. Bc4 Bxc4 15. Qxc4 dxc3 16. Rad1 Qc8 17. b4 Qf5 18. Bf4 Rad8 19. Bxc7 Rxd1 20. Rxd1 Rc8 21. Ba5 Ne4 22. f3 Nxc5 23. bxc5 Rxc5 24. Qb4 c2 25. Rc1 Qd5 26. Kf2 Bf8 27. Bb6 Rb5 28. Qd4 Qxa2 29. Bc7 Rb1 30. Qd2 Rxc1 31. Qxc1 Ba3 32. Qd2 c1=Q 0-1

[Event "Titled Tuesday intern op 28th Dec"]
[Site "Chess.com INT"]
[Date "2021.12.28"]
[Round "6"]
[White "Duneas, John"]
[Black "Aslanov, Umid Fuad"]
[Result "0-1"]
[WhiteElo "2071"]
[BlackElo "2187"]
[PlyCount "56"]
[EventDate "2021.12.28"]
[EventType "swiss (blitz)"]
[EventRounds "11"]
[EventCountry "USA"]
[SourceTitle "CBM 206 Extra"]
[Source "ChessBase"]
[SourceDate "2022.03.31"]
[SourceVersion "1"]
[SourceVersionDate "2022.03.31"]
[SourceQuality "1"]

1. d4 Nf6 2. Nf3 e6 3. Bg5 Be7 4. c4 d5 5. Nc3 h6 6. Bh4 O-O 7. e3 b6 8. cxd5 Nxd5 9. Bxe7 Qxe7 10. Nxd5 exd5 11. Bd3 c5 12. dxc5 bxc5 13. O-O Be6 14. b3 Nd7 15. h3 Nf6 16. Rc1 Rfd8 17. Qe2 Rac8 18. Rfd1 Rc7 19. Bb1 Rdc8 20. Qb2 Ne4 21. Qa3 Qf6 22. Bxe4 dxe4 23. Nd2 Qg6 24. Kf1 Qf5 25. Qa4 Bd5 26. Nb1 Rc6 27. Nc3 Rf6 28. Nxd5 Qxf2# 0-1

[Event "Titled Tuesday intern op 28th Dec"]
[Site "Chess.com INT"]
[Date "2021.12.28"]
[Round "6"]
[White "Grinev, Valeriy"]
[Black "Paiva, Henrique MA Alberg"]
[Result "1/2-1/2"]
[WhiteElo "2425"]
[BlackElo "2064"]
[PlyCount "86"]
[EventDate "2021.12.28"]
[EventType "swiss (blitz)"]
[EventRounds "11"]
[EventCountry "USA"]
[SourceTitle "CBM 206 Extra"]
[Source "ChessBase"]
[SourceDate "2022.03.31"]
[SourceVersion "1"]
[SourceVersionDate "2022.03.31"]
[SourceQuality "1"]

1. e4 c5 2. Nf3 d6 3. Bb5+ Bd7 4. Bxd7+ Qxd7 5. c4 g6 6. O-O Bg7 7. d4 cxd4 8. Nxd4 Nf6 9. Nc3 O-O 10. f3 Nc6 11. Be3 a6 12. Rc1 Rac8 13. Qd2 Nxd4 14. Bxd4 Rxc4 15. Bxf6 Bxf6 16. Nd5 Rxc1 17. Nxf6+ exf6 18. Rxc1 Rc8 19. Rd1 Rc6 20. h3 Qc7 21. a3 Kg7 22. b4 h5 23. Qd4 Rc1 24. Qd3 Rxd1+ 25. Qxd1 b6 26. Qd3 b5 27. Kh1 Qb6 28. Kh2 Qc6 29. Qd4 Qc7 30. Qd5 Qe7 31. Qc6 Qe5+ 32. Kh1 Qa1+ 33. Kh2 Qxa3 34. Qxd6 a5 35. e5 fxe5 36. Qxe5+ Kh7 37. Qe7 Qxb4 38. Qxf7+ Kh6 39. f4 a4 40. Qf6 Kh7 41. Qf7+ Kh6 42. Qf6 Kh7 43. Qf7+ Kh6 1/2-1/2

[Event "Titled Tuesday intern op 28th Dec"]
[Site "Chess.com INT"]
[Date "2021.12.28"]
[Round "6"]
[White "Gurevich, Dmitry"]
[Black "Deac, Bogdan Daniel"]
[Result "0-1"]
[WhiteElo "2358"]
[BlackElo "2679"]
[PlyCount "68"]
[EventDate "2021.12.28"]
[EventType "swiss (blitz)"]
[EventRounds "11"]
[EventCountry "USA"]
[SourceTitle "CBM 206 Extra"]
[Source "ChessBase"]
[SourceDate "2022.03.31"]
[SourceVersion "1"]
[SourceVersionDate "2022.03.31"]
[SourceQuality "1"]

1. d4 Nf6 2. c4 g6 3. Nc3 d5 4. Nf3 Bg7 5. cxd5 Nxd5 6. Bd2 c5 7. Rc1 O-O 8. dxc5 Nc6 9. e3 Be6 10. a3 Rc8 11. Be2 Na5 12. Na4 Nf6 13. Bxa5 Qxa5+ 14. b4 Qc7 15. Nd4 Rfd8 16. Qc2 Bd5 17. O-O Be4 18. Qb3 Bd5 19. Qc2 h5 20. h3 Be4 21. Qb3 Qe5 22. Bf3 Qg5 23. Rfd1 e6 24. Bxe4 Nxe4 25. Nf3 Qf5 26. Qc4 g5 27. Qe2 g4 28. Nh4 Qg5 29. g3 gxh3 30. Kh2 Be5 31. Nf3 Bxg3+ 32. fxg3 Qxg3+ 33. Kh1 Nf2+ 34. Qxf2 Qxf2 0-1

[Event "Titled Tuesday intern op 28th Dec"]
[Site "Chess.com INT"]
[Date "2021.12.28"]
[Round "6"]
[White "Guz, Ari"]
[Black "Heinemann, Josefine"]
[Result "1-0"]
[WhiteElo "2310"]
[BlackElo "2369"]
[PlyCount "51"]
[EventDate "2021.12.28"]
[EventType "swiss (blitz)"]
[EventRounds "11"]
[EventCountry "USA"]
[SourceTitle "CBM 206 Extra"]
[Source "ChessBase"]
[SourceDate "2022.03.31"]
[SourceVersion "1"]
[SourceVersionDate "2022.03.31"]
[SourceQuality "1"]

1. b3 e5 2. Bb2 Nc6 3. g3 d5 4. Bg2 Nf6 5. e3 Be7 6. Ne2 O-O 7. O-O a5 8. a3 Be6 9. d4 e4 10. Nd2 Bg4 11. c4 h5 12. h3 Bf5 13. cxd5 Qxd5 14. Nf4 Qd7 15. Nxh5 Bxh3 16. Nxf6+ Bxf6 17. Bxh3 Qxh3 18. Nxe4 Rad8 19. Qf3 Be7 20. Rac1 f5 21. Nc5 Bxc5 22. Rxc5 f4 23. Rh5 Qe6 24. d5 Qg6 25. dxc6 fxg3 26. Qxg3 1-0

[Event "Titled Tuesday intern op 28th Dec"]
[Site "Chess.com INT"]
[Date "2021.12.28"]
[Round "6"]
[White "Hasman, Cengiz"]
[Black "Iljushina, Olga"]
[Result "0-1"]
[WhiteElo "2101"]
[BlackElo "2054"]
[PlyCount "128"]
[EventDate "2021.12.28"]
[EventType "swiss (blitz)"]
[EventRounds "11"]
[EventCountry "USA"]
[SourceTitle "CBM 206 Extra"]
[Source "ChessBase"]
[SourceDate "2022.03.31"]
[SourceVersion "1"]
[SourceVersionDate "2022.03.31"]
[SourceQuality "1"]

1. d4 d5 2. c4 dxc4 3. Nf3 b5 4. a4 c6 5. b3 cxb3 6. axb5 cxb5 7. e3 Bd7 8. Qxb3 Qb6 9. Nc3 Nf6 10. Ne5 e6 11. Nxd7 Nbxd7 12. Qxb5 Bb4 13. Bd2 O-O 14. Bd3 Rfc8 15. Qxb6 Nxb6 16. Nb5 a6 17. Bxb4 axb5 18. Kd2 Nc4+ 19. Bxc4 bxc4 20. f3 Nd5 21. Bc5 Rab8 22. Rhb1 f6 23. e4 Nf4 24. g3 Ng6 25. Kc3 e5 26. Rxb8 Rxb8 27. Kxc4 exd4 28. Kxd4 Rb2 29. Ra8+ Kf7 30. Ra7+ Kg8 31. Ra8+ Kf7 32. Ra7+ Kg8 33. h4 h6 34. h5 Ne5 35. f4 Nc6+ 36. Kc3 Rg2 37. Rc7 Rxg3+ 38. Kc4 Na5+ 39. Kb5 Nb3 40. Bf2 Rf3 41. Ba7 Rxf4 42. Re7 Nd2 43. e5 fxe5 44. Rxe5 Nf3 45. Re7 Rf5+ 46. Ka4 Rxh5 47. Bc5 Rf5 48. Re8+ Kh7 49. Re7 h5 50. Bb4 h4 51. Bc3 Rg5 52. Re3 Rg3 53. Re4 h3 54. Re2 h2 55. Rxh2+ Nxh2 56. Bxg7 Kxg7 57. Kb4 Rd3 58. Kc4 Rd8 59. Kc5 Kf6 60. Kc6 Ke6 61. Kc7 Rd5 62. Kc6 Nf3 63. Kb6 Kd7 64. Ka6 Kc7 0-1

[Event "Titled Tuesday intern op 28th Dec"]
[Site "Chess.com INT"]
[Date "2021.12.28"]
[Round "6"]
[White "Holt, Conrad"]
[Black "Atabayev, Saparmyrat"]
[Result "1-0"]
[WhiteElo "2553"]
[BlackElo "2425"]
[PlyCount "75"]
[EventDate "2021.12.28"]
[EventType "swiss (blitz)"]
[EventRounds "11"]
[EventCountry "USA"]
[SourceTitle "CBM 206 Extra"]
[Source "ChessBase"]
[SourceDate "2022.03.31"]
[SourceVersion "1"]
[SourceVersionDate "2022.03.31"]
[SourceQuality "1"]

1. d4 d5 2. c4 e5 3. dxe5 d4 4. Nf3 Nc6 5. Nbd2 Be6 6. Nb3 Bxc4 7. Nbxd4 Nxd4 8. Nxd4 Qd5 9. Nf3 Qb5 10. b3 Be6 11. e3 Qa5+ 12. Bd2 Bb4 13. Bxb4 Qxb4+ 14. Qd2 Qb6 15. Be2 Rd8 16. Qc3 Ne7 17. O-O O-O 18. Rfd1 h6 19. Nd4 Bd5 20. Rac1 c6 21. Bg4 Ng6 22. e6 fxe6 23. Bxe6+ Kh8 24. Nf5 Qc7 25. Bxd5 Rxf5 26. Be4 Rf6 27. Qc2 Ne5 28. Rxd8+ Qxd8 29. Rd1 Rd6 30. Rxd6 Qxd6 31. g3 a5 32. Qc3 a4 33. bxa4 Nd7 34. a5 Nc5 35. Bc2 Qd5 36. Qb4 Nd3 37. Qxb7 Ne1 38. Qc8+ 1-0

[Event "Titled Tuesday intern op 28th Dec"]
[Site "Chess.com INT"]
[Date "2021.12.28"]
[Round "6"]
[White "Ianov, Viktor"]
[Black "Erdogdu, Mert"]
[Result "1/2-1/2"]
[WhiteElo "2279"]
[BlackElo "2407"]
[PlyCount "77"]
[EventDate "2021.12.28"]
[EventType "swiss (blitz)"]
[EventRounds "11"]
[EventCountry "USA"]
[SourceTitle "CBM 206 Extra"]
[Source "ChessBase"]
[SourceDate "2022.03.31"]
[SourceVersion "1"]
[SourceVersionDate "2022.03.31"]
[SourceQuality "1"]

1. Nf3 d5 2. g3 Nf6 3. Bg2 c5 4. O-O Nc6 5. d4 e6 6. c4 Be7 7. Nc3 O-O 8. cxd5 exd5 9. dxc5 Bxc5 10. Bg5 d4 11. Bxf6 Qxf6 12. Ne4 Qe7 13. Nxc5 Qxc5 14. Qd2 Re8 15. Rac1 Qb6 16. Rfd1 Bg4 17. Nxd4 Nxd4 18. Qxd4 Rxe2 19. Qxb6 axb6 20. Bxb7 Rb8 21. Bd5 Rxb2 22. Rd4 Bh3 23. Rf4 Rf8 24. Rh4 Bf5 25. Rc7 Bg6 26. Rf4 Rd2 27. Bb3 Rd6 28. h4 h5 29. Kg2 Rf6 30. Rxf6 gxf6 31. Kf3 Rd8 32. Rb7 Rd6 33. Kf4 Kg7 34. f3 Rc6 35. g4 Rd6 36. Rb8 Rc6 37. Rb7 Rd6 38. Rb8 Rc6 39. Rb7 1/2-1/2